000 00572nam a2200205Ia 4500
003 OSt
005 20230408095606.0
008 210423s2010 xx 000 0 und d
020 _a9780195639179
040 _cAL
041 _aeng
082 _a808.81954 DHAV
100 _aDHARWADKER (Vinay);RAMANUJAN (A K),Ed.
_984564
245 _aOxford anthology of modern Indian poetry.
260 _aNew Delhi
_bOxford University Press
_c2010
300 _axx,265
_bPB
365 _b325
_cINR
906 _aanthology ; indian ; modern ; Oxford ; poetry.
942 _2ddc
_cBK
999 _c158238
_d158238